000 00393nam a22001337a 4500
005 20260407123050.0
008 260407b |||||||| |||| 00| 0 eng d
082 _a330.95491
_bECO-S
245 _aEconomic Survey 2001-2002
260 _aPakistan
_bGovernemnt of Pakistan Economic Advisor's Wing Finance Division
_c2002
300 _axxvi, 179 p.
650 _aManagement Science
942 _cBK
999 _c47235
_d47235